The theory of direct-current dynamos and motors, (Record no. 545475)
[ view plain ]
| 000 -LEADER | |
|---|---|
| fixed length control field | 00542cam a2200145u 4500 |
| 082 ## - DEWEY DECIMAL CLASSIFICATION NUMBER | |
| Classification number | 621.3132 |
| Author Mark | CAS |
| -- | D |
| 100 1# - MAIN ENTRY--PERSONAL NAME | |
| Personal name | Case, John. [from old catalog] |
| 9 (RLIN) | 41336 |
| 245 14 - TITLE STATEMENT | |
| Title | The theory of direct-current dynamos and motors, |
| 260 ## - PUBLICATION, DISTRIBUTION, ETC. | |
| Place of publication, distribution, etc. | Cambridge, |
| Name of publisher, distributor, etc. | W. Heffer & sons, ltd., |
| Date of publication, distribution, etc. | 1921. |
| 300 ## - PHYSICAL DESCRIPTION | |
| Extent | 2 p.l., vii-xiii, 196 p., |
| Other physical details | 1 l. illus., 2 fold. pl., diagrs. |
| Dimensions | 23 cm. |
| 526 ## - STUDY PROGRAM INFORMATION NOTE | |
| Program name | 0 |
| Interest level | 0 |
| Reading level | 0 |
| Title point value | 621_313200000000000_CAS |
| 650 #0 - SUBJECT ADDED ENTRY--TOPICAL TERM | |
| Topical term or geographic name entry element | Electric generators |
| General subdivision | Direct current. |
| 9 (RLIN) | 41337 |
| 650 #0 - SUBJECT ADDED ENTRY--TOPICAL TERM | |
| Topical term or geographic name entry element | Electric motors, Direct current. |
| 9 (RLIN) | 41338 |
| 942 ## - ADDED ENTRY ELEMENTS (KOHA) | |
| Source of classification or shelving scheme | |
| Koha item type | Book |
| Withdrawn status | Lost status | Source of classification or shelving scheme | Damaged status | Not for loan | Permanent Location | Current Location | Date acquired | Total Checkouts | Full call number | Barcode | Date last seen | Price effective from | Koha item type |
|---|---|---|---|---|---|---|---|---|---|---|---|---|---|
| Military College of Engineering (MCE) | Military College of Engineering (MCE) | 05/23/2014 | 621.3132 CAS | MCE-41676 | 05/23/2014 | 05/23/2014 | Book |
